| 000 | 00632 a2200169 4500 | ||
|---|---|---|---|
| 003 | Nust | ||
| 005 | 20230529101108.0 | ||
| 040 | _cNust | ||
| 082 | _a808.83,HEA | ||
| 100 |
_aHeath F.R.G,Wedgwood _9112730 |
||
| 245 |
_aSome Stories of Wonder and Adventure _cM.V.Wedgwood Heath F R G.S |
||
| 256 | _a1933 | ||
| 260 |
_a Lahore _bUttar Chand Kapur & Sons |
||
| 505 | _aFrederick Marryat (Page-1), Wilkes Collins (Page-46), R. L. Stevenson (Page-46), Canone Doyle (Page-71), Anthony Hope (Page-109), Arnold Bennett (Page-151), G. K. Chesterton (Page-176), Raphael Sabatini (Page-202). | ||
| 650 |
_aNovel _92525 |
||
| 942 |
_2ddc _cBK |
||
| 999 |
_c186897 _d186897 |
||